[Event "Challenge"]
[Site "http://www.queenalice.com/game.php?id=781592"]
[Date "2010.5.27"]
[Round "-"]
[White "toninhnodaprata"]
[Black "mteles"]
[Result "1-0"]
[WhiteElo "1938"]
[BlackElo "1886"]

1. e4 d6 2. d4 e6 3. Nf3 Nf6 4. Bg5 Be7 5. Bc4 Nxe4 6. Bxe7 Qxe7 7. O-O d5 8.
Bb3 Nc6 9. c3 O-O 10. Re1 Bd7 11. Nbd2 Nxd2 12. Nxd2 Qd6 13. Re3 Ne7 14. Qe2 Ng6
15. Bc2 Rae8 16. g3 e5 17. Bxg6 Qxg6 18. Rxe5 c6 19. Nf3 Bg4 20. Rxe8 f6 21. Re3
h5 22. Re1 h4 23. Nxh4 Qg5 24. Qd3 1-0

[Event "Challenge"]
[Site "http://www.queenalice.com/game.php?id=790780"]
[Date "2010.6.16"]
[Round "-"]
[White "MarcosT"]
[Black "mteles"]
[Result "0-1"]
[WhiteElo "1886"]
[BlackElo "1872"]

1. e4 c5 2. Nf3 Nc6 3. Bc4 e6 4. Nc3 a6 5. a4 d6 6. O-O Nf6 7. d3 Be7 8. h3 O-O
9. Re1 Bd7 10. Bg5 Qa5 11. Bd2 Qb6 12. a5 Nxa5 13. Ba2 Nc6 14. Na4 Qc7 15. c3 b5
16. Nxc5 dxc5 17. b4 cxb4 18. cxb4 Bxb4 19. Bxb4 Nxb4 20. Rc1 Qb6 21. Bb1 Rac8
22. Qb3 Rxc1 23. Rxc1 Nc6 24. Rd1 Nd4 25. Nxd4 Qxd4 26. Ba2 Rc8 0-1

[Event "Challenge"]
[Site "http://www.queenalice.com/game.php?id=797769"]
[Date "2010.7.2"]
[Round "-"]
[White "mteles"]
[Black "Dana0411"]
[Result "0-1"]
[WhiteElo "1864"]
[BlackElo "1835"]

1. e4 e5 2. Nf3 Nc6 3. Bc4 h6 4. c3 Nf6 5. O-O a6 6. d4 d5 7. exd5 Na5 8. Bd3
Bg4 9. h3 Bh5 10. b4 e4 11. Bxe4 Nxe4 12. Re1 Qxd5 13. bxa5 O-O-O 14. Qb3 Qxb3
15. axb3 Bxf3 16. gxf3 Nf6 17. Ba3 g5 18. Bxf8 Rdxf8 19. Nd2 g4 20. fxg4 Rfg8
21. f3 Nd5 22. c4 Nf4 23. Kh2 f5 24. Re5 fxg4 25. fxg4 h5 26. Kg3 Nd3 27. Re3
h4+ 28. Kh2 Nb4 29. Rf1 Nc2 30. Re4 Re8 31. Ref4 Re2+ 32. R4f2 Rhe8 33. Nf3 Ne3
34. Kg1 Nxf1 35. Rxe2 Rxe2 36. Kxf1 Re3 37. Kg2 Rxb3 38. Nxh4 Kd7 39. Nf3 Ke6
40. Kg3 Rc3 41. c5 b5 42. cxb6 cxb6 43. axb6 a5 44. Kf4 a4 45. Nd2 Rc2 46. Ne4
a3 47. b7 Rb2 48. Nc5+ Kd5 49. g5 a2 50. Na4 a1=Q 0-1

[Event "Challenge"]
[Site "http://www.queenalice.com/game.php?id=798139"]
[Date "2010.7.3"]
[Round "-"]
[White "charles"]
[Black "mteles"]
[Result "1-0"]
[WhiteElo "2033"]
[BlackElo "1874"]

1. d4 d5 2. c3 Nf6 3. Nf3 e6 4. e3 c5 5. Bb5+ Bd7 6. Ba4 cxd4 7. Nxd4 Be7 8. O-O
O-O 9. Bxd7 Nbxd7 10. a3 a6 11. Nd2 Rc8 12. N2f3 Qc7 13. Re1 Ne4 14. Bd2 Bf6 15.
a4 Ndc5 16. Qc2 Nxd2 17. Nxd2 Nd7 18. N2f3 Ne5 19. Nxe5 Bxe5 20. g3 Qb6 21. Red1
g6 22. a5 Qc7 23. Qe2 h5 24. Ra4 h4 25. Nf3 hxg3 26. fxg3 Bg7 27. Rc1 Rfd8 28.
Ra2 Rd6 29. Rf1 Rc6 30. Qf2 f5 31. Ng5 Bh6 32. Nf3 Rc4 33. Nd4 Qe5 34. Re1 Kg7
35. Raa1 R8c5 36. Ra3 Bg5 37. Nf3 Qf6 38. Nd2 Rg4 39. h3 Rgc4 40. Nxc4 Rxc4 41.
Rb3 Qe7 42. Rd1 Qc5 43. Rd4 Rxd4 44. exd4 Qc7 45. Rb6 Kf7 46. Kg2 Bd8 47. Qe3
Qd7 48. Rb3 Bxa5 49. Qh6 Kf6 50. Qh8+ Ke7 51. Qg7+ Kd6 52. Rxb7 Qe8 53. Ra7 Qc6
54. Qe7# 1-0

[Event "Challenge"]
[Site "http://www.queenalice.com/game.php?id=804255"]
[Date "2010.7.16"]
[Round "-"]
[White "esteban"]
[Black "mteles"]
[Result "1-0"]
[WhiteElo "1914"]
[BlackElo "1889"]

1. d4 d5 2. e3 Nf6 3. c4 e6 4. Nc3 Bb4 5. a3 Bxc3+ 6. bxc3 b6 7. Bd3 Nc6 8. f4
O-O 9. Nf3 Bb7 10. Ne5 Nxe5 11. fxe5 Nd7 12. O-O c6 13. Ra2 f6 14. Qh5 g6 15.
Bxg6 hxg6 16. Qxg6+ Kh8 17. Raf2 Qe7 18. exf6 Qf7 19. Qg5 Rg8 20. Qh6+ Qh7 21.
e4 Rg6 22. Qxh7+ Kxh7 23. cxd5 1-0

[Event "Challenge"]
[Site "http://www.queenalice.com/game.php?id=808415"]
[Date "2010.7.25"]
[Round "-"]
[White "toninhnodaprata"]
[Black "mteles"]
[Result "1-0"]
[WhiteElo "1857"]
[BlackElo "1794"]

1. e4 c5 2. Nf3 Nc6 3. Bc4 e6 4. Nc3 a6 5. d4 cxd4 6. Nxd4 Qb6 7. Nxc6 Qxc6 8.
Qe2 b5 9. Bd3 b4 10. Nd5 Ne7 11. Nxb4 Qc7 12. c3 a5 13. Nc2 Ng6 14. g3 Bb7 15.
Bg5 f6 16. Be3 Be7 17. f4 O-O 18. O-O-O a4 19. Kd2 a3 20. bxa3 Bxa3 21. Rb1 Rfc8
22. Rb3 Be7 23. Rhb1 Rab8 24. Bb6 Qd6 25. Ba7 Ra8 26. Rxb7 Qc6 27. Bd4 e5 28.
R1b6 Qa4 29. Bb5 Qxa2 30. Bxd7 exd4 31. Be6+ Kf8 32. Bxa2 1-0

[Event "Challenge"]
[Site "http://www.queenalice.com/game.php?id=808417"]
[Date "2010.7.25"]
[Round "-"]
[White "toninhnodaprata"]
[Black "mteles"]
[Result "1-0"]
[WhiteElo "1842"]
[BlackElo "1809"]

1. e4 e5 2. Nf3 Nc6 3. Bb5 Nf6 4. Nc3 Bb4 5. d3 Qe7 6. Bd2 Qc5 7. Bxc6 bxc6 8.
O-O Rb8 9. Na4 Qe7 10. Bxb4 Qxb4 11. b3 Qe7 12. Qd2 O-O 13. Nc3 d5 14. Rfe1 d4
15. Ne2 Bg4 16. Ng5 h6 17. Nf3 Bxf3 18. gxf3 Nh5 19. Kg2 f5 20. Ng3 Nf4+ 21. Kh1
fxe4 22. fxe4 Qh4 23. Rg1 Rf7 24. Nf5 Qh5 25. Qd1 Qxd1 26. Raxd1 Kh7 27. Rg3 g5
28. Rd2 Rg8 29. f3 c5 30. h4 a5 31. hxg5 Rxg5 32. Rxg5 1-0

[Event "Challenge"]
[Site "http://www.queenalice.com/game.php?id=808418"]
[Date "2010.7.25"]
[Round "-"]
[White "mteles"]
[Black "toninhnodaprata"]
[Result "1-0"]
[WhiteElo "1790"]
[BlackElo "1870"]

1. e4 e5 2. Nf3 Nc6 3. Bc4 Be7 4. d3 d6 5. Nc3 Bg4 6. h3 Bh5 7. g4 Bg6 8. Be3
Nf6 9. Nd5 Nxd5 10. Bxd5 Qd7 11. c3 O-O 12. Qb3 b6 13. Qb5 Nb8 14. Qxd7 Nxd7 15.
Bxa8 Rxa8 16. O-O-O f6 17. a3 Bf7 18. g5 Bh5 19. gxf6 Bxf6 20. Nd2 Bxd1 21. Kxd1
Rb8 22. Rg1 a5 23. Kc2 b5 24. c4 c6 25. Nf3 c5 26. h4 h6 27. Bxh6 bxc4 28. dxc4
a4 29. Bg5 Bxg5 30. Nxg5 Nf8 31. h5 Rb3 32. Rg3 Rb7 33. Nf3 Ne6 34. h6 Nd4+ 35.
Nxd4 cxd4 36. Rxg7+ Rxg7 37. hxg7 1-0

[Event "Challenge"]
[Site "http://www.queenalice.com/game.php?id=855177"]
[Date "2010.11.5"]
[Round "-"]
[White "mteles"]
[Black "mouderjr"]
[Result "0-1"]
[WhiteElo "1830"]
[BlackElo "2029"]

1. e4 c5 2. Nf3 d6 3. d4 cxd4 4. Nxd4 a6 5. Nc3 e5 6. Nf3 Bg4 7. Be2 Nf6 8. Bg5
h6 9. Be3 Qa5 10. O-O Bxf3 11. Bxf3 Be7 12. Qe2 Nc6 13. a3 Bd8 14. Rfd1 Be7 15.
Qc4 O-O 16. Nd5 Rac8 17. Bb6 Qb5 18. Qxb5 axb5 19. Nxf6+ gxf6 20. Bg4 Ra8 21.
Bc7 Nd4 22. c3 Nb3 23. Rab1 Kh8 24. Bxd6 Bxd6 25. Rxd6 Rg8 26. h3 Ra6 27. Rbd1
Nc5 28. f3 Na4 29. Rxa6 bxa6 30. Rd6 Nc5 31. Rxf6 Kg7 32. Rc6 Nd3 33. b4 Ra8 34.
Bc8 a5 35. Ba6 Rb8 36. bxa5 Nb2 37. Rc8 Rxc8 38. Bxc8 Nc4 39. a6 Nb6 40. a7 Kf8
41. Bb7 Ke7 42. a8=Q Nxa8 43. Bxa8 Kd6 44. Bd5 f5 45. g4 fxe4 46. fxe4 Kc5 0-1

[Event "Challenge"]
[Site "http://www.queenalice.com/game.php?id=885685"]
[Date "2011.1.13"]
[Round "-"]
[White "tewald"]
[Black "mteles"]
[Result "1-0"]
[WhiteElo "1831"]
[BlackElo "1847"]

1. e4 c5 2. Nf3 Nc6 3. c3 d5 4. e5 e6 5. d4 cxd4 6. cxd4 Bb4+ 7. Bd2 Qb6 8. Bc3
Bxc3+ 9. Nxc3 Qxb2 10. Na4 Qb4+ 11. Ke2 Qe7 12. g3 f6 13. Bg2 Qc7 14. Rc1 Qe7
15. Qb3 fxe5 16. dxe5 Nh6 17. h3 Nf5 18. Rhd1 Qf7 19. Rd2 O-O 20. Kf1 g6 21. g4
Nfe7 22. Kg1 b6 23. Qb2 Bd7 24. Nc3 Rac8 25. Nb5 Rb8 26. Nd6 Qf4 27. Re1 Nc8 28.
Nb5 Qb4 29. Nbd4 Qxb2 30. Rxb2 Nxd4 31. Nxd4 Ne7 32. Rc1 1-0

[Event "Challenge"]
[Site "http://www.queenalice.com/game.php?id=911990"]
[Date "2011.3.12"]
[Round "-"]
[White "tewald"]
[Black "mteles"]
[Result "0-1"]
[WhiteElo "1909"]
[BlackElo "1809"]

1. e4 c5 2. Nf3 Nc6 3. d3 e6 4. Nbd2 Qa5 5. Be2 d6 6. O-O Nf6 7. Nc4 Qc7 8. c3
Be7 9. Ne3 a6 10. h3 Bd7 11. a3 b5 12. Qc2 O-O 13. d4 cxd4 14. cxd4 Rac8 15. b4
Qb6 16. Qd3 d5 17. e5 Ne4 18. Bb2 f6 19. g3 fxe5 20. dxe5 Rf7 21. Nc2 Nxg3 22.
Rfe1 Nxe2+ 23. Rxe2 Rcf8 24. Re3 h6 25. Ncd4 Nxd4 26. Bxd4 Qc7 27. Kg2 Bg5 28.
Nxg5 Rxf2+ 29. Kg1 hxg5 30. Rg3 Qc2 31. Bxf2 Qxf2+ 32. Kh1 d4 33. Rag1 Bc6+ 34.
R3g2 Bxg2+ 35. Rxg2 Qf1+ 36. Qxf1 Rxf1+ 37. Kh2 Rf3 38. Rxg5 Rxa3 0-1

[Event "Challenge"]
[Site "http://www.queenalice.com/game.php?id=911992"]
[Date "2011.3.12"]
[Round "-"]
[White "Marcelo_Bruno"]
[Black "mteles"]
[Result "1-0"]
[WhiteElo "1975"]
[BlackElo "1781"]

1. e4 c5 2. f4 Nc6 3. Nf3 e6 4. c3 d6 5. d4 cxd4 6. cxd4 Nf6 7. Nc3 Be7 8. Bb5
Bd7 9. Be3 a6 10. Ba4 b5 11. Bc2 Rc8 12. O-O O-O 13. h3 b4 14. Ne2 a5 15. b3 Rc7
16. Qd3 Qc8 17. e5 dxe5 18. dxe5 Nd5 19. Qxh7# 1-0

[Event "Challenge"]
[Site "http://www.queenalice.com/game.php?id=916803"]
[Date "2011.3.24"]
[Round "-"]
[White "mteles"]
[Black "Defensor"]
[Result "0-1"]
[WhiteElo "1796"]
[BlackElo "2041"]

1. e4 e5 2. Nf3 Nc6 3. Bc4 Bc5 4. d3 d6 5. Ng5 Nh6 6. c3 Bg4 7. f3 Bh5 8. Nd2
Qxg5 9. g4 Bxg4 10. fxg4 Qh4+ 11. Kf1 Qf2# 0-1

[Event "Challenge"]
[Site "http://www.queenalice.com/game.php?id=916804"]
[Date "2011.3.24"]
[Round "-"]
[White "Defensor"]
[Black "mteles"]
[Result "1/2-1/2"]
[WhiteElo "2056"]
[BlackElo "1833"]

1. e4 c5 2. Nf3 Nc6 3. Bb5 e6 4. O-O Nge7 5. Nc3 a6 6. Bxc6 Nxc6 7. d4 cxd4 8.
Nxd4 Qb6 9. Be3 Qxb2 10. Na4 Qb4 11. c3 Qd6 12. Qc2 Nxd4 13. Bxd4 e5 14. Bc5 Qc6
15. Bxf8 Rxf8 16. c4 b5 17. Nb2 Bb7 18. Rfe1 f5 19. f3 fxe4 20. Qxe4 Qxe4 21.
fxe4 O-O-O 22. cxb5 axb5 23. a4 Bc6 24. axb5 Bxb5 25. Ra5 Bc6 26. Rxe5 Rde8 27.
Nc4 Kc7 28. Rxe8 Rxe8 29. e5 Kd8 30. Nd6 1/2-1/2

[Event "Challenge"]
[Site "http://www.queenalice.com/game.php?id=940865"]
[Date "2011.5.21"]
[Round "-"]
[White "mteles"]
[Black "Clovisto"]
[Result "1-0"]
[WhiteElo "1829"]
[BlackElo "1807"]

1. e4 e5 2. Nf3 f6 3. Bc4 c6 4. c3 Nh6 5. d4 exd4 6. Bxh6 gxh6 7. cxd4 d5 8.
exd5 cxd5 9. Bb3 Qe7+ 10. Qe2 Qxe2+ 11. Kxe2 Be6 12. Re1 Rg8 13. Kf1 Kf7 14. Nc3
Bb4 15. Rxe6 Bxc3 16. Bxd5 Bxb2 17. Rb6+ Kf8 18. Rxb2 1-0

[Event "Challenge"]
[Site "http://www.queenalice.com/game.php?id=940904"]
[Date "2011.5.21"]
[Round "-"]
[White "mteles"]
[Black "tewald"]
[Result "0-1"]
[WhiteElo "1831"]
[BlackElo "1802"]

1. e4 e6 2. Nf3 d5 3. Nc3 dxe4 4. Nxe4 Nf6 5. Nxf6+ Qxf6 6. Bc4 a6 7. c3 Bc5 8.
d4 Ba7 9. Bd3 h6 10. O-O O-O 11. b4 Nc6 12. Re1 b5 13. a4 bxa4 14. Qxa4 Bb7 15.
Bxa6 Bxa6 16. Qxc6 Bb6 17. Bd2 Rfb8 18. b5 Bb7 19. Rxa8 Bxa8 20. Qc4 Qg6 21. Kf1
Bxf3 22. gxf3 h5 23. Bf4 Qf5 24. Bxc7 Rc8 25. Qb4 Bxc7 26. b6 Bxh2 27. b7 Rb8
28. Kg2 Bc7 29. c4 Qa5 30. Rb1 Qxb4 31. Rxb4 Kf8 32. c5 g5 33. c6 f5 34. Ra4 h4
35. Ra2 Ke7 36. Re2 Kd6 37. Rc2 Kd5 38. Re2 Re8 39. Ra2 Kxc6 40. Ra8 Rb8 41.
Ra6+ Kd5 0-1

[Event "Challenge"]
[Site "http://www.queenalice.com/game.php?id=944094"]
[Date "2011.5.29"]
[Round "-"]
[White "mteles"]
[Black "don_quixote_del_flamingo"]
[Result "0-1"]
[WhiteElo "1842"]
[BlackElo "1967"]

1. e4 c5 2. Nf3 d6 3. d4 cxd4 4. Nxd4 Nf6 5. Nc3 a6 6. Be2 e6 7. O-O Be7 8. Be3
b5 9. a3 Qc7 10. Kh1 Bb7 11. Bd3 Nbd7 12. f4 Nc5 13. Qe1 Rc8 14. Rd1 Nfxe4 15.
Nxe4 Bxe4 16. Rc1 Bxd3 17. cxd3 Qd7 18. f5 O-O 19. Qe2 Bf6 20. b4 Bxd4 21. fxe6
Qxe6 22. bxc5 Bxe3 23. Rce1 Bxc5 24. Qf3 Qg6 25. Ra1 Rfe8 26. h3 Re3 27. Qb7
Rce8 28. Qxa6 Qxd3 29. Rab1 Rxh3+ 0-1

[Event "Challenge"]
[Site "http://www.queenalice.com/game.php?id=944287"]
[Date "2011.5.30"]
[Round "-"]
[White "Serrote"]
[Black "mteles"]
[Result "1-0"]
[WhiteElo "1972"]
[BlackElo "1844"]

1. d4 d5 2. e3 Nf6 3. c4 e6 4. Nc3 c5 5. Nf3 cxd4 6. Nxd4 Bb4 7. Bd2 Nc6 8. Qa4
O-O 9. Nxc6 bxc6 10. Qxb4 Bd7 11. Qb3 Rb8 12. Qc2 Rb7 13. Be2 Qc7 14. O-O Rfb8
15. Rab1 c5 16. Bf3 Bc6 17. h3 dxc4 18. Bxc6 Qxc6 19. Ne2 Nd5 20. Rfc1 g6 21.
Bc3 1-0

[Event "Challenge"]
[Site "http://www.queenalice.com/game.php?id=944288"]
[Date "2011.5.30"]
[Round "-"]
[White "mteles"]
[Black "cmnetto"]
[Result "0-1"]
[WhiteElo "1814"]
[BlackElo "2261"]

1. e4 e5 2. Nf3 Nc6 3. Bc4 Nf6 4. Ng5 d5 5. exd5 Nxd5 6. Nxf7 Kxf7 7. Qf3+ Ke6
8. Nc3 Nb4 9. Qe4 b5 10. Bb3 c6 11. d4 Kf7 12. dxe5 Be6 13. a3 Na6 14. Be3 Be7
15. Qf3+ Kg8 16. Rd1 Nac7 17. Nxd5 Nxd5 18. O-O g6 19. a4 a6 20. Rd2 Kg7 21.
Rfd1 Rf8 22. Qe2 Qa5 23. axb5 axb5 24. g3 Nxe3 25. Qxe3 Bg4 26. Rf1 Bc5 27. Qg5
h6 28. Qxg4 Qxd2 29. Rd1 Ra1 30. Rxa1 Rxf2 31. Qh3 Rxh2+ 0-1

[Event "Challenge"]
[Site "http://www.queenalice.com/game.php?id=944289"]
[Date "2011.5.30"]
[Round "-"]
[White "alexferreira"]
[Black "mteles"]
[Result "1-0"]
[WhiteElo "1869"]
[BlackElo "1812"]

1. d4 d5 2. g3 Nf6 3. Bg2 e6 4. Nf3 c5 5. Bg5 Nc6 6. c3 Be7 7. dxc5 Bxc5 8. O-O
h6 9. Bxf6 Qxf6 10. Nbd2 b6 11. Nb3 Ba6 12. Re1 O-O 13. Nxc5 bxc5 14. e4 dxe4
15. Rxe4 Rfd8 16. Qe1 Rd7 17. Rf4 Qg6 18. Ne5 Nxe5 19. Bxa8 Nd3 20. Qe2 Nxf4 21.
Qxa6 Qg5 22. Bg2 Nxg2 23. Kxg2 Qd5+ 24. Kg1 Kf8 25. Qe2 g5 26. b3 Qd2 27. Qxd2
Rxd2 28. c4 1-0